| 000 | 01579nam a2200373 i 4500 | ||
|---|---|---|---|
| 001 | 000032458 | ||
| 003 | DO-SdBNP | ||
| 005 | 20250306133133.0 | ||
| 007 | ta | ||
| 008 | 110718s1967 dr abc 001 0 spa d | ||
| 040 |
_aDO-SdBNP _bspa _cBNPHU _erda |
||
| 041 | _hspa | ||
| 049 | _a | ||
| 082 | 4 |
_a972.9301 _bM296a _222 |
|
| 100 | 1 |
_aMañón Arredondo, Manuel de Jesús _eautor _4aut. _943977 |
|
| 245 | 1 | 0 |
_aAntropología y arqueología quisqueyana / _cManuel de Jesús Mañón Arredondo, Fernando Morbán Laucer. |
| 264 | 1 |
_aSanto Domigo : _bUniversidad Autónoma de Santo Domingo, _c1967. |
|
| 300 |
_a339 páginas : _bilustraciones mapas, retrator ; _c26 cm. |
||
| 336 |
_ardacontent _btexto _2txt |
||
| 337 |
_ardamedia _bsin mediación _2n |
||
| 338 |
_ardacarrier _bvolumen _2nc |
||
| 500 | _aIncluye referencias bibliográficas y notas al pie de las páginas | ||
| 504 | _aBibliografía: p.315-334. | ||
| 590 | _aInventariado, 2020/VM | ||
| 650 | 4 |
_aArqueología indígena _933829 _zRepública Dominicana |
|
| 650 | 4 |
_aArqueología indígena _xInvestigaciones _954153 |
|
| 650 | 4 |
_aArquelógica prehistórica _944351 |
|
| 650 | 4 |
_aArqueología _zRepública Dominicana _xInvestigaciones _944352 |
|
| 651 | 4 |
_aRepública Dominicana _xHistoria _yÉpoca prehispánica, hasta 1942 _954155 |
|
| 700 | 1 |
_aMorbán Laucer, Fernando _eautor _4aut. _954241 |
|
| 710 | 1 |
_aUniversidad Autónoma de Santo Domingo _bFacultad de Humanidades. _bInstituto Dominicano de Investigaciones Antropológicas _972951 |
|
| 910 | _aVMateo / Validado. Control de calidad EMS | ||
| 942 |
_2ddc _cLBS1 |
||
| 999 |
_c31949 _d31949 |
||